000
00332nam a22001457a 4500
008
180817b xxu||||| |||| 00| 0 eng d
020
_a
9780132055437
041
_a
eng
080
_a
2
082
_a
2
100
_a
24
101
_a
FE
245
_a
Islamic Studies A History of Religions Approach
_c
Martin,R.C
942
_2
udc
_c
BK
999
_c
47200
_d
47200